000 00584pam a2200205 a 4500
020 _a0070357021 :
040 _cDLC
082 0 0 _a333 MCG 1992 A018 Or.
100 1 _aLaarman, Jan G.
245 1 0 _aGlobal forests :
_bissues for six billion people /
260 _aNew York :
_bMcGraw-Hill,
_cc1992.
300 _axxviii, 337 p. :
_bill., maps ;
_c25 cm.
650 0 _aForests and forestry.
650 0 _aForest management.
650 0 _aForests and forestry
650 0 _aForest products industry.
650 0 _aForests and forestry
700 1 _aSedjo, Roger A.
942 _cEK
999 _c12133
_d12133